|
|
|
|
| LEADER |
00000nas a2200000 a 4500 |
| 001 |
ssj0068717 |
| 003 |
WaSeSS |
| 005 |
20200512172242.0 |
| 006 |
m d |
| 007 |
cr n |
| 008 |
061212d2005200urm qr p s 0 0eng |
| 010 |
|
|
|a 2006206726
|
| 022 |
|
|
|l 1841-5555
|y 1841-5555
|
| 035 |
|
|
|a (WaSeSS)ssj0068717
|
| 040 |
|
|
|a DLC
|b eng
|c DLC
|d DLC
|d OCLCQ
|d DLC
|d OCLCQ
|d OCLCF
|d OCLCO
|d WaSeSS
|
| 041 |
0 |
|
|a eng
|b fre
|
| 042 |
|
|
|a pcc
|
| 050 |
0 |
0 |
|a TA342
|b .S25
|
| 245 |
0 |
0 |
|a Scientific bulletin.
|p Series,
|n Mathematical modelling in civil engineering
|h [electronic resource] /
|c Technical University of Civil Engineering Bucharest.
|
| 246 |
3 |
0 |
|a Series: Mathematical modelling in civil engineering
|
| 246 |
3 |
0 |
|a Mathematical modelling in civil engineering
|
| 246 |
1 |
3 |
|a Scientific buletin of the Technical University of Civil Engineering, Bucharest
|
| 260 |
|
|
|a Bucharest, Romania :
|b Technical University of Civil Engineering,
|c 2005-
|
| 310 |
|
|
|a Quarterly
|
| 362 |
0 |
|
|a 2005, no. 1 (Dec. 2005)-
|
| 500 |
|
|
|a Title from cover.
|
| 506 |
|
|
|a License restrictions may limit access.
|
| 515 |
|
|
|a Issues for Dec. 2005-<Mar. 2006> called Year 48-<49>
|
| 546 |
|
|
|a Summaries in French.
|
| 588 |
|
|
|a Latest issue consulted: 2006, no. 1 (Mar. 2006).
|
| 650 |
|
0 |
|a Engineering
|x Mathematical models
|v Periodicals.
|
| 650 |
|
7 |
|a Engineering
|x Mathematical models.
|2 fast
|0 (OCoLC)fst00910373
|
| 655 |
|
0 |
|a Electronic journals.
|
| 710 |
2 |
|
|a Universitatea Tehnică de Construcții București.
|
| 785 |
0 |
0 |
|t Mathematical modelling in civil engineering
|w (DLC) 2009213555
|w (OCoLC)440706891
|
| 850 |
|
|
|a DLC
|
| 856 |
4 |
0 |
|z Full text available from Research Library: 03/01/2008 to 02/28/2009
|u https://search.proquest.com/publication/54964
|